The Interaction between Democracy and Development /

La obra plantea que para la existencia de una verdadera democracia se debe considerar otros factores que la posibiliten. Para discutir estas condiciones, la UNESCO organizó un Panel Internacional sobre Democracia y Desarrollo, presidido por Boutros Boutros-Ghali. El contenido de la obra presenta el...

Descripción completa

Guardado en:
Detalles Bibliográficos
Autores principales: Matsuura, Koïchiro (pref.), Boutros-Ghali, Boutros (introd. y dir.)
Autores corporativos: Panel Internacional sobre Democracia y Desarrollo ( París), Panel Internacional sobre Democracia y Desarrollo
Formato: Procedimiento de la conferencia Libro
Idioma:Inglés
Publicado: París, Francia : UNESCO, 2002, c2002
Temas:
Etiquetas: Agrega una etiqueta
Sin etiquetas, Sé el primero en etiquetar este registro!

MARC

LEADER 00000nam^a2200000^a^4500
001 000156770
005 20250521000000.0
009 20260310100515.043
037 |a Acervo ITESO - Biblioteca 
041 |a ING 
082 |a 320. 9  |b PAN 
100 |a Matsuura, Koïchiro  |e (pref.) 
100 |a Boutros-Ghali, Boutros  |e (introd. y dir.) 
111 |a Panel Internacional sobre Democracia y Desarrollo (  |n 1o :  |d 1998 :  |c París) 
245 1 4 |a The Interaction between Democracy and Development /  |c Pref. de K. Matsuura ; introd. y dir. de B. Boutros-Ghali. 
264 4 |a París, Francia :  |b UNESCO,  |c 2002, c2002 
300 |a 399 p. 
336 |a texto  |b txt  |2 rdacontenido 
337 |a sin mediación  |b n  |2 rdamedio 
338 |a volumen  |b nc  |2 rdasoporte 
520 |a La obra plantea que para la existencia de una verdadera democracia se debe considerar otros factores que la posibiliten. Para discutir estas condiciones, la UNESCO organizó un Panel Internacional sobre Democracia y Desarrollo, presidido por Boutros Boutros-Ghali. El contenido de la obra presenta el reporte de los debates que tuvieron lugar durante los tres encuentros celebrados en París, en 1998, 1999 y 2000, así como el conjunto de recomendaciones que surgieron con motivo de las reflexiones suscitadas en tales encuentros. 
649 |a XX 
650 |a Igualdad y Desigualdad 
650 |a Igualdad y Desigualdad 
650 |a Justicia e Injusticia 
650 |a Estado de Derecho 
650 |a Democracia 
650 |a Derechos Humanos 
650 |a Desarrollo Económico-Social 
650 |a Desarrollo Económico-Social 
650 |a Desarrollo Sustentable 
650 |a Desarrollo Tecnológico 
650 |a Política Cultural 
650 |a Política Social 
650 |a Política Económica 
650 |a Política Internacional 
650 |a Globalización 
711 |a Panel Internacional sobre Democracia y Desarrollo (  |n 2o :  |d 1999 :  |c París) 
711 |a Panel Internacional sobre Democracia y Desarrollo (  |n 3o :  |d 2000 :  |c París) 
910 |a Fondo General 
920 |a Impresos - Libros 
930 |a Colección General 
905 |a 101 
901 |a 0500085184  |b IT1  |c ACC  |u 20250521 
902 |a https://opac.biblio.iteso.mx/vufind/Record/000156770